North American Sports Teams by Name Category - Statistics

General Stats
  • This quiz has been taken 44 times
    22 since last reset
  • The average score is 23 of 34
Answer Stats
Hint Answer % Correct
Birds Hawks|Pelicans|Cardinals|Falcons|Eagles|Seahawks|Ravens|Penguins|Ducks|Orioles|Blue Jays
100%
Native Americans Blackhawks|Chiefs|Braves|Indians|Redskins
94%
Horses Broncos|Colts|Mavericks|Chargers
88%
Music Jazz|Blues
88%
Royalty Kings|Royals|Golden Knights
88%
Aquatic life Marlins|Penguins|Ducks|Kraken|Sharks|Canucks|Dolphins
88%
Cats Panthers|Predators|Tigers|Jaguars|Lions|Bengals
88%
Natural Disasters Thunder|Lightning|Chargers|Hurricanes|Lightning|Avalanche
88%
Colors Browns|Reds|Blues
82%
Bears (besides the bears) Bruins|Cubs|Grizzlies
82%
Astronomy Stars|Astros|Suns
82%
Numbers 49ers|76ers
76%
Teams that share a name Giants|Jets|Panthers|Cardinals|Rangers|Kings
76%
Transportation Flyers|Jets|Clippers
71%
"Big" Giants|Titans
71%
Hot things Heat|Suns|Rays|Flames
71%
Extinct Animals Mammoth|Raptors|Predators
71%
Professions Packers|Steelers|Cowboys|Buccaneers|Commanders|Cavaliers|Warriors|Chiefs|Raiders|Kings|Rangers|Golden knights|Oilers|Astros|Pirates|Padres|Brewers|Mariners|49ers|Senators|Chargers
71%
Objects related to the sun (besides the suns) Rays|Stars|flames
71%
Objects in nature Nuggets|Wild|Predators|Rockies|Rays|Nuggets|Suns|Stars|Maple Leafs
65%
Citizen of a place Texans|Nationals|Yankees|Phillies|Mets|Canadiens|Islanders|Lakers|Celtics
65%
Horned Animals Rams|Bulls|Texans|Bucks
59%
Clothing Red sox|White Sox|Reds|Blue Jackets|Knicks
59%
A "fighter" Warriors|Cavaliers|Commanders|Predators|Blue Jackets|Golden Knights|Chiefs|Braves|Guardians
59%
Patriotism (except the Patriots) 76ers|Capitals|Nationals
53%
Snakes Diamondbacks
53%
Religion Saints|Devils|Angels|Padres
53%
Criminals Buccaneers|Pirates|Raiders
47%
Insects Hornets|Blue Jackets
47%
Weapons Spurs|Sabres|Jets
47%
Supernatural Wizards|Magic
47%
Named after something used in the sport Nets|Athletics|A's
41%
Mechanics Pistons|Steelers|Chargers|Red Wings
41%
Boats Clippers
35%
No matching quizzes found
Score Distribution
Percent of People with Each Score
Percentile by Number Answered
Your Score History
You have not taken this quiz since the last reset